Zlepšování perspektiv starších lidí na trhu práce

Demografický vývoj v krajinách strednej a východnej Európy. Problémy zamestnávania starších ľudí. Možné opatrenia a ich hodnotenie. Programy a opatrenia aktívnej politiky zamestnanosti.

Saved in:
Bibliographic Details
Main Author: Beneš, Stanislav
Format: Book Chapter
Language:Czech
Subjects:
Tags: Add Tag
No Tags, Be the first to tag this record!

MARC

LEADER 00000naa a2200000 4500
001 r045151
005 20230913072232.2
041 0 |a cze 
044 |a CZ 
245 1 0 |a Zlepšování perspektiv starších lidí na trhu práce  |c Stanislav Beneš 
520 |a Demografický vývoj v krajinách strednej a východnej Európy. Problémy zamestnávania starších ľudí. Možné opatrenia a ich hodnotenie. Programy a opatrenia aktívnej politiky zamestnanosti. 
610 2 0 |a trh práce 
610 2 0 |a zamestnanosť 
610 2 0 |a seniori 
610 2 0 |a demografia 
610 2 0 |a politika zamestnanosti 
610 2 0 |a SVE 
100 1 |a Beneš, Stanislav